[Event "Rooks-Fermilab"]
[Site "?"]
[Date "2002.02.28"]
[Round "?"]
[White "Decman, Steve"]
[Black "Gaines, Irwin"]
[Result "0-1"]
[WhiteElo "1563"]
[BlackElo "1776"]
[PlyCount "84"]
[EventDate "2002.??.??"]

1. e4 c5 2. Nf3 d6 3. c3 Nf6 4. Be2 Nbd7 5. d3 g6 6. O-O Bg7 7. Re1 O-O 8. Nbd2
b5 9. a4 b4 10. d4 a5 11. h3 Nb6 12. e5 bxc3 13. bxc3 Nfd5 14. Bb2 Bd7 15. Ne4
Rb8 16. dxc5 Nxa4 17. Qxd5 Rxb2 18. Bd1 Nxc5 19. Nxc5 dxc5 20. Qxc5 Rb5 21. Qd4
Be6 22. Qa7 Bd5 23. Be2 Rb3 24. c4 Bxf3 25. Bxf3 e6 26. Rxa5 Qg5 27. Ra3 Rxa3
28. Qxa3 Bxe5 29. Qe3 Qxe3 30. Rxe3 Bd4 31. Rd3 e5 32. Bd5 Kg7 33. Kf1 Rb8 34.
Ke2 Rb2+ 35. Rd2 Rxd2+ 36. Kxd2 Bxf2 37. Kd3 Bd4 38. Kc2 f5 39. Kb3 e4 40. Kc2
Kf6 41. Kd2 g5 42. g4 42... Ke5 {White flagged} 0-1

[Event "Fermilab-Rooks,p1"]
[Site "?"]
[Date "2002.02.28"]
[Round "?"]
[White "Schultz, R."]
[Black "Butler, Ed"]
[Result "*"]
[WhiteElo "1241"]
[BlackElo "1270"]
[PlyCount "55"]
[EventDate "2002.??.??"]

1. d4 Nf6 2. c4 e6 3. Nc3 d5 4. Bg5 Be7 5. e3 c5 6. Nf3 Nc6 7. dxc5 Bxc5 8.
cxd5 Nb4 9. Bb5+ Bd7 10. Bxd7+ Qxd7 11. Bxf6 gxf6 12. O-O Nxd5 13. Nxd5 exd5
14. Rc1 Bb6 15. Re1 O-O 16. a3 Kh8 17. Nd4 Rg8 18. Qf3 Rg6 19. Qf5 Qd8 20. h4
Bc7 21. Nb5 Be5 22. Nxa7 Qb6 23. Rc8+ Rxc8 24. Nxc8 Qxb2 25. Ne7 Qc3 26. Nxg6+
fxg6 27. Qb1 Qxa3 28. Qxb7 {it appears Black moved the illegal Kg7 here...see
next game (started from this position)} *

[Event "Dragons-Fermilab"]
[Site "?"]
[Date "2002.02.04"]
[Round "?"]
[White "Tegel, F."]
[Black "Bezzubov, V."]
[Result "1/2-1/2"]
[WhiteElo "2083"]
[BlackElo "2261"]
[PlyCount "41"]
[EventDate "2002.??.??"]

1. Nf3 Nf6 2. g3 b6 3. Bg2 Bb7 4. O-O e6 5. c4 Be7 6. Nc3 O-O 7. d4 Ne4 8. Qc2
Nxc3 9. bxc3 d6 10. e4 Nd7 11. Re1 e5 12. Bb2 Bf6 13. a4 a5 14. Rad1 Re8 15.
Nd2 Nf8 16. Nf1 Qd7 17. Ne3 Bc6 18. Nd5 Bd8 19. f4 f6 20. Rd2 Ng6 21. f5
1/2-1/2

[Event "Fermilab-Dragons"]
[Site "?"]
[Date "2002.02.04"]
[Round "?"]
[White "Dorigo, T."]
[Black "Ludwig, T."]
[Result "1/2-1/2"]
[WhiteElo "2155"]
[BlackElo "1961"]
[PlyCount "45"]
[EventDate "2002.??.??"]

1. e4 e6 2. d4 d5 3. e5 c5 4. c3 Nc6 5. Be3 Qb6 6. Qd2 Bd7 7. Nf3 Rc8 8. dxc5
Bxc5 9. Bxc5 Qxc5 10. Na3 f6 11. Qf4 fxe5 12. Nxe5 Nxe5 13. Qxe5 Nf6 14. Bd3
O-O (14... Qxf2+ $1 15. Kxf2 Ng4+) 15. Qd4 e5 16. Qxc5 Rxc5 17. O-O d4 18. cxd4
exd4 19. Rac1 Rxc1 20. Rxc1 Ng4 21. f3 Ne5 22. Be4 Nc6 23. Nb5 1/2-1/2

[Event "Fermilab-Dragons"]
[Site "?"]
[Date "2002.02.04"]
[Round "?"]
[White "Gaines, Irwin"]
[Black "Altshuller, Dmitry"]
[Result "1-0"]
[WhiteElo "1776"]
[BlackElo "1808"]
[PlyCount "35"]
[EventDate "2002.??.??"]

1. d4 f5 2. Bg5 g6 3. Nc3 Bg7 4. e4 d6 5. h4 Nf6 6. Bd3 fxe4 7. Nxe4 O-O 8.
Nxf6+ exf6 9. Be3 d5 10. Qd2 Nc6 11. O-O-O f5 12. Ne2 a5 13. h5 Nb4 14. hxg6
Nxd3+ 15. Qxd3 hxg6 16. Bh6 Qf6 17. Bxg7 Qg5+ 18. f4 1-0

[Event "Dragons-Fermilab"]
[Site "?"]
[Date "2002.02.04"]
[Round "?"]
[White "Eustace, Dan"]
[Black "Gomez, Gervasio"]
[Result "1/2-1/2"]
[WhiteElo "1556"]
[BlackElo "1752"]
[PlyCount "38"]
[EventDate "2002.??.??"]

1. e4 e5 2. Nf3 Nc6 3. d4 exd4 4. Nxd4 Bc5 5. Be3 Qf6 6. c3 Nge7 7. Be2 O-O 8.
O-O d5 9. exd5 Nxd5 10. Nc2 Nxe3 11. Nxe3 Bxe3 12. fxe3 Qg5 13. Rf3 Bg4 14. Rg3
Bxe2 15. Qxe2 Qe7 16. Nd2 Rad8 17. Nf3 Rd6 18. Qf2 Rfd8 19. Nd4 Nxd4 1/2-1/2

[Event "Fermilab-Rooks"]
[Site "?"]
[Date "2002.03.21"]
[Round "?"]
[White "Ailes, Tim"]
[Black "Baurac, Dave"]
[Result "0-1"]
[WhiteElo "1547"]
[BlackElo "1738"]
[PlyCount "68"]
[EventDate "2002.??.??"]

1. e4 c6 2. d4 d5 3. e5 Bf5 4. Nc3 e6 5. g4 Bg6 6. Nge2 h5 7. Nf4 Ne7 8. Nxh5
Bxh5 9. gxh5 Nf5 10. Qg4 Qb6 11. Ne2 c5 12. c3 Nc6 13. b3 cxd4 14. f4 dxc3 15.
Qf3 Nfd4 16. Qd3 Nb4 17. Qg3 Nbc2+ 18. Kd1 Nxa1 19. Qxc3 Naxb3 20. axb3 Qxb3+
21. Qxb3 Nxb3 22. Bb2 Bc5 23. Ng3 Rc8 24. Bb5+ Ke7 25. f5 Bd4 26. Ba3+ Bc5 27.
Bb2 a6 28. f6+ gxf6 29. exf6+ Kd6 30. Bd3 Bd4 31. Ba3+ Nc5 32. Re1 Bxf6 33. Ke2
Kd7 34. Bb1 Bh4 0-1

[Event "Citadel-Aces"]
[Site "?"]
[Date "????.??.??"]
[Round "?"]
[White "Hayhurst, Lyle"]
[Black "Benesa, Arnulfo"]
[Result "0-1"]
[WhiteElo "1888"]
[BlackElo "2224"]
[PlyCount "64"]

1. e4 c5 2. Nf3 d6 3. d4 cxd4 4. Nxd4 Nf6 5. Nc3 a6 6. Bg5 e6 7. f4 Be7 8. Qf3
Qc7 9. O-O-O Nbd7 10. g4 b5 11. Bxf6 Nxf6 12. g5 Nd7 13. f5 Nc5 14. f6 gxf6 15.
gxf6 Bf8 16. Qh5 Bd7 17. Rg1 O-O-O 18. Kb1 Be8 19. Rg7 Bxg7 20. fxg7 Rg8 21.
Qxh7 Bc6 22. Bxb5 axb5 23. Ndxb5 Bxb5 24. Nxb5 Qb6 25. Nxd6+ Kc7 26. e5 Na4 27.
Kc1 Qxb2+ 28. Kd2 Qxe5 29. Kc1 Qa1+ 30. Kd2 Rxd6+ 31. Ke3 Qe5+ 32. Kf3 Rxg7 0-1

[Event "Reader-Citadel"]
[Site "?"]
[Date "2002.01.31"]
[Round "?"]
[White "Carter, LT."]
[Black "Sensat, Jason"]
[Result "0-1"]
[WhiteElo "1499"]
[BlackElo "1776"]
[PlyCount "70"]
[EventDate "2002.??.??"]

1. d4 Nf6 2. Nf3 g6 3. c4 Bg7 4. Nc3 O-O 5. e4 c5 6. d5 d6 7. Be2 Nbd7 8. Bf4
a6 9. Qc2 Ng4 10. h3 Nge5 11. Rd1 Rb8 12. a4 Qa5 13. b3 Nxf3+ 14. Bxf3 Qxc3+
15. Qxc3 Bxc3+ 16. Bd2 Bb4 17. O-O Ne5 18. Be2 f5 19. f4 Nf7 20. Bf3 fxe4 21.
Bxe4 Nh6 22. Be3 Nf5 23. Bf2 b5 24. g4 Nd4 25. Bh4 Rf7 26. Bg5 Nxb3 27. f5 gxf5
28. Bxf5 Bxf5 29. Rxf5 Nd4 30. Rxf7 Kxf7 31. Rf1+ Ke8 32. Bh6 Kd7 33. Rf7 bxc4
34. Bg5 Re8 35. Rxh7 Nf3+ 0-1

[Event "Reader-Citadel"]
[Site "?"]
[Date "2002.04.26"]
[Round "?"]
[White "Braswell, I."]
[Black "Hayhurst, Lyle"]
[Result "1-0"]
[WhiteElo "1737"]
[BlackElo "1888"]
[PlyCount "83"]
[EventDate "2002.??.??"]

1. e4 c5 2. c3 d5 3. exd5 Qxd5 4. d4 cxd4 5. cxd4 Nc6 6. Nf3 e6 7. Nc3 Bb4 8.
Bd3 Nxd4 9. Nxd4 Qxg2 10. Bb5+ Ke7 11. Qf3 Qxf3 12. Nxf3 a6 13. Be2 Nf6 14. Bd2
Bc5 15. Ng5 Bd4 16. O-O-O Bxf2 17. Nge4 Nxe4 18. Nxe4 Bb6 19. Bb4+ Ke8 20. Nd6+
Kd7 21. Nc4+ Kc7 22. Bd6+ Kc6 23. Bf3+ Kb5 24. Na3+ Ka5 25. b4+ Ka4 26. Kb2 a5
27. Rd5 Bd4+ 28. Rxd4 axb4 29. Rxb4+ Ka5 30. Bc7+ Kxb4 31. Rc1 Rxa3 32. Bd6+
Ka5 33. Bxa3 b5 34. Kb3 e5 35. Bb4+ Kb6 36. Rc6+ Ka7 37. Bc5+ Kb7 38. Rf6+ Kb8
39. Bd6+ Ka7 40. Rxf7+ Kb6 41. Kb4 Be6 42. Bc5+ 1-0

[Event "Citadel-Reader"]
[Site "?"]
[Date "2002.04.26"]
[Round "?"]
[White "Htoo, Ming"]
[Black "Sullivan"]
[Result "1-0"]
[WhiteElo "1888"]
[BlackElo "1511"]
[PlyCount "92"]
[EventDate "2002.??.??"]

1. e4 e5 2. Bc4 Qf6 3. Nf3 Nc6 4. a3 Bc5 5. c3 a6 6. O-O d6 7. h3 Nge7 8. d3 h6
9. Be3 Ng6 10. d4 Bb6 11. Re1 Bd7 12. dxe5 Ncxe5 13. Nxe5 Nxe5 14. Bxb6 cxb6
15. Bd5 Rb8 16. Re3 b5 17. Nd2 h5 18. Qf1 Ng4 19. hxg4 hxg4 20. f4 Qh4 21. Qe1
Qh2+ 22. Kf2 Qxf4+ 23. Ke2 Rh2 24. Qg3 g5 25. Rf1 Qxg3 26. Bxf7+ Ke7 27. Rxg3
a5 28. Bg6 Rf8 29. Rxf8 Kxf8 30. Nb3 a4 31. Nd4 Rh1 32. Kd2 Ke7 33. Bf5 Bxf5
34. exf5 Kf6 35. Rxg4 Rf1 36. Kc2 Rf2+ 37. Kb1 Rf4 38. Rxf4 gxf4 39. Kc2 Ke5
40. Kd3 d5 41. Ke2 Kf6 42. Kf3 Ke5 43. g4 fxg3 44. Kxg3 Kf6 45. Kf4 b6 46. Nxb5
Ke7 1-0

[Event "Reader-Citadel"]
[Site "?"]
[Date "2002.04.26"]
[Round "?"]
[White "Marsh, Mike"]
[Black "Sensat, Jason"]
[Result "0-1"]
[WhiteElo "1167"]
[BlackElo "1776"]
[PlyCount "70"]
[EventDate "2002.??.??"]

1. e4 c5 2. Nf3 d6 3. d4 cxd4 4. Nxd4 e6 5. Bc4 Nf6 6. Nc3 Be7 7. Bb3 O-O 8.
Be3 Nbd7 9. f3 a6 10. Qd2 Qc7 11. a3 b5 12. O-O Bb7 13. Rfe1 Rac8 14. Rad1 Ne5
15. Bf4 Nc4 16. Bxc4 Qxc4 17. Nb3 Rfd8 18. Na5 Qc7 19. Nxb7 Qxb7 20. Qe2 Rc6
21. e5 Nh5 22. Bd2 d5 23. g4 d4 24. gxh5 dxc3 25. Bxc3 Rcc8 26. Rxd8+ Rxd8 27.
Rd1 Rd5 28. Rxd5 Qxd5 29. Bb4 Bg5 30. Kg2 h6 31. Qe4 Qd8 32. Qd3 Qc7 33. Qe2
Bf4 34. Bc3 Qe7 35. Bd2 Qg5+ 0-1

[Event "Motorola Knights"]
[Site "?"]
[Date "2002.05.02"]
[Round "?"]
[White "Marshall, Kevin"]
[Black "Karandikar, Shekhar"]
[Result "1/2-1/2"]
[WhiteElo "1396"]
[BlackElo "1576"]
[PlyCount "65"]
[EventDate "2002.??.??"]

1. d4 Nf6 2. c4 g6 3. Nc3 Bg7 4. e4 d6 5. f3 c6 6. Nge2 Nbd7 7. Be3 Qc7 8. Qd2
Nb6 9. Nc1 h5 10. Be2 Be6 11. b3 O-O-O 12. a4 a5 13. O-O h4 14. h3 Qd7 15. d5
Nbxd5 16. cxd5 Bxh3 17. dxc6 bxc6 18. Ba6+ Kb8 19. gxh3 Qxh3 20. Qh2 Qd7 21.
Rb1 c5 22. Bxc5 Qc6 23. Bxd6+ exd6 24. Bc4 Nd7 25. Bd5 Qc5+ 26. Kh1 Bxc3 27.
Nd3 Qb6 28. Rfc1 Rc8 29. Qh3 Qe3 30. Qxd7 Qxf3+ 31. Kg1 Bd4+ 32. Kh2 Qg3+ 33.
Kh1 1/2-1/2

[Event "Case-Chargers"]
[Site "?"]
[Date "2002.04.22"]
[Round "?"]
[White "Fraats, D."]
[Black "Warren, Jim"]
[Result "1/2-1/2"]
[WhiteElo "1851"]
[BlackElo "2082"]
[PlyCount "40"]
[EventDate "2002.??.??"]

1. e4 c6 2. d4 d5 3. Nd2 dxe4 4. Nxe4 Bf5 5. Ng3 Bg6 6. Nf3 Nd7 7. h4 h6 8. Bd3
Bxd3 9. Qxd3 e6 10. Bd2 Ngf6 11. O-O-O Qc7 12. Rhe1 O-O-O 13. Kb1 Bd6 14. Ne2
c5 15. dxc5 Nxc5 16. Qc4 Nce4 17. Qxc7+ Bxc7 18. Be3 a6 19. Nd2 Nxd2+ 20. Rxd2
Ba5 1/2-1/2

[Event "Chargers-Case"]
[Site "?"]
[Date "2002.04.22"]
[Round "?"]
[White "Marcowka, Bob"]
[Black "White, Hardy"]
[Result "1-0"]
[WhiteElo "1992"]
[BlackElo "1698"]
[PlyCount "93"]
[EventDate "2002.??.??"]

1. d4 d5 2. c4 dxc4 3. Nc3 Nf6 4. Nf3 e6 5. Qa4+ Bd7 6. Qxc4 Bc6 7. Ne5 Be7 8.
e3 O-O 9. Nxc6 Nxc6 10. Be2 Bb4 11. a3 Bxc3+ 12. Qxc3 Ne7 13. Qb3 Qd5 14. Qxd5
Nexd5 15. Bf3 c6 16. O-O Nd7 17. Bd2 f5 18. h4 N7f6 19. Rfc1 Ne4 20. Be1 g5 21.
hxg5 Nxg5 22. Bxd5 exd5 23. g3 Rf7 24. Kg2 Rg7 25. Bb4 Ne4 26. Rh1 Re8 27. Rh5
Ng5 28. Bd6 Re6 29. Be5 Rgg6 30. Rah1 h6 31. Bf4 Kf7 32. b4 a6 33. a4 b5 34. a5
Ref6 35. Kf1 Re6 36. Ke2 Kg7 37. f3 Kf7 38. Kf2 Kg7 39. Be5+ Kf8 40. Kg2 Nh7
41. R1h4 Ng5 42. Rf4 Kg8 43. Rxf5 Nf7 44. f4 Nd6 45. Bxd6 Rxd6 46. Re5 Kf7 47.
Kf3 1-0

[Event "Case-Chargers"]
[Site "?"]
[Date "2002.04.22"]
[Round "?"]
[White "Klinefelter, Case"]
[Black "Dobrovolny, Chuck"]
[Result "0-1"]
[WhiteElo "1588"]
[BlackElo "1846"]
[PlyCount "38"]
[EventDate "2002.??.??"]

1. d4 Nf6 2. e3 g6 3. Nf3 Bg7 4. Be2 O-O 5. O-O d5 6. b3 c5 7. Bb2 Ne4 8. c3
Nc6 9. Nbd2 cxd4 10. Nxd4 Nd6 11. Bd3 e5 12. Nc2 e4 13. Be2 Qg5 14. f4 exf3 15.
Bxf3 Bf5 16. Ne1 Qxe3+ 17. Rf2 Ne4 18. Nf1 Qxf2+ 19. Kh1 Qxf1# 0-1

[Event "Chargers-Case"]
[Site "?"]
[Date "2002.04.22"]
[Round "?"]
[White "Dobr, Karl"]
[Black "Zoellner, John"]
[Result "1/2-1/2"]
[WhiteElo "1457"]
[BlackElo "1375"]
[PlyCount "98"]
[EventDate "2002.??.??"]

1. d4 d5 2. c4 c6 3. cxd5 cxd5 4. Nc3 Nf6 5. Bg5 e6 6. e3 h6 7. Bh4 a6 8. Nf3
b5 9. a3 Be7 10. Be2 Bb7 11. O-O O-O 12. Qd3 Nbd7 13. Rfc1 Rc8 14. Bd1 Re8 15.
Bc2 Bd6 16. Re1 e5 17. dxe5 Bxe5 18. Nxe5 Rxe5 19. Rad1 Nc5 20. Qd4 Ncd7 21.
Bg3 Re8 22. Bb3 Nc5 23. Bxd5 Bxd5 24. Nxd5 Nxd5 25. Qxd5 Qxd5 26. Rxd5 Ne4 27.
Red1 Rc2 28. b4 Ra2 29. f3 Nxg3 30. hxg3 Rxa3 31. e4 Rb3 32. Rd8 Rf8 33. Rxf8+
Kxf8 34. Rd6 Ra3 35. g4 a5 36. bxa5 Rxa5 37. Rd5 g5 38. Kf2 Ra2+ 39. Kg3 Rb2
40. Rd6 Kg7 41. Rb6 b4 42. Rb7 b3 43. f4 gxf4+ 44. Kxf4 Rb1 45. e5 b2 46. Kg3
Kg6 47. Rb6+ Kg7 48. Rb7 Kg6 49. Kf2 Kg7 1/2-1/2

[Event "Citadel-Wolverine"]
[Site "?"]
[Date "2002.04.09"]
[Round "?"]
[White "Hayhurst, Lyle"]
[Black "Volynsky, Greg"]
[Result "0-1"]
[WhiteElo "1889"]
[BlackElo "2546"]
[PlyCount "112"]
[EventDate "2002.??.??"]

{Notes by Tony Jasaitis} 1. e4 1... e5 2. Nf3 Nc6 3. d4 exd4 4. Bc4 Nf6 5. O-O
{ } 5... Nxe4 {Not fearing the 650-point rating difference, White sacrifices
some pawns for rapid and dangerous development. Both players know "book" here.}
6. Re1 d5 7. Bxd5 7... Qxd5 { } 8. Nc3 {
(both the d4-Pawn and e4-Knight are pinned, so...)} 8... Qh5 9. Nxe4 Be6 10.
Nxd4 Qxd1 11. Rxd1 11... O-O-O { Black has used a common technique for
neutralizing White's initiative in gambit openings - return the material to
approximately equalize.} 12. Be3 Nxd4 13. Rxd4 13... Be7 { } 14. Rad1 Rxd4 15.
Rxd4 Rd8 16. Rxd8+ 16... Kxd8 { } 17. a3 17... f6 { } 18. Kf1 {The endgame is
almost completely balanced. Same number of pawns on each side, on the same
files, with no structural weaknesses. Black has a theoretical advantage of the
Two Bishops in open position. Is this enough to win?? Greg shows how to do it.}
(18. Bxa7 $2 18... b6 19. a4 Kc8 20. a5 20... Kb7 { } 21. axb6 cxb6) 18... b6
19. c3 Kd7 20. Ke2 Bc4+ 21. Ke1 Ke6 22. Nd2 Bd5 23. f3 23... Bd6 { } 24. Bg1 ({
Possible is} 24. Kf2 {since} 24... Bxh2 {
is the same Bishop trap seen in move 18 analysis} 25. g3 {and Kg2 next}) 24...
h5 25. Nf1 a5 26. Bd4 c5 27. Bf2 f5 28. Bh4 { } 28... b5 29. Bd8 a4 30. Bh4 { }
30... b4 $1 31. axb4 cxb4 32. cxb4 { } 32... Be5 $1 {Black lets White have a
passed pawn to turn his two bishops into an awesome force supporting the
advance of his a-pawn. Aside from that, the "outsidest" passed pawn is usually
the best one! (From a logic view, it is obvious the b4-Pawn can't be supported,
so Black takes the other Pawn first. The net result is a gain of a Pawn.)} 33.
Kd1 Bxb2 34. Kc2 Bd4 35. Nd2 Be5 36. Bf2 { } 36... Bxh2 ({
Adequate. But it looks like Black could have elegantly won a piece with} 36...
a3 37. Nb3 a2 38. Nd4+ Kd6 (38... Bxd4 $2 39. Bxd4 {
covers queening square and yeilds opposite Bishops}) 39. Kb2 39... Bc4 $1 {
and White is helpless to stop ...Kd5 winning a piece.} 40. b5 40... Kc5 {
and pick up the pawn first, then the piece.  But I've changed my conclusions
several times already regarding 36...a3, so maybe this isn't even the final
word. As I've learned from the school of hard knocks: in OTB play, being right
nets more points than being cute.}) 37. Bd4 g5 38. Kb2 Bc6 39. Ka3 39... Kd5 {
With his King entering the fray, Black plays a piece up.} 40. Be3 40... g4 { }
41. f4 ({(ed.) Common techinque for making a draw is to reduce the Pawns. Can
White take advantage of the c6-Bishop's need to cover a4?} 41. fxg4 41... hxg4
42. Nf1 42... g3 $2 (42... f4 43. Bc1 { } 43... g3 (43... Bg1 44. Bxf4) (43...
Bg3 44. Nxg3 fxg3 45. Bf4) 44. Bxf4) (42... Ke4 43. Bc1 (43. Nxh2 43... Kxe3 {
is hopeless})) 43. Bf4 Kd4 44. Bxg3 { } 44... Bg1 45. Nd2 Ke3 46. Nc4+) 41...
Bg3 42. Nf1 Be1 43. Bc5 { } 43... Ke4 44. Ne3 Bb5 45. Nc2 Bc3 46. g3 { } 46...
Kf3 47. Bd4 Bd2 48. Be5 Kxg3 49. Nd4 { } 49... Bc1+ 50. Ka2 Bd3 51. b5 Bxf4 52.
Bxf4+ 52... Kxf4 { } 53. Ne6+ ({(ed.)} 53. b6 53... Be4 {
Even if White gets Nb5-d6,b7 in, he can't stop the 3 passers!}) 53... Ke3 54.
b6 Be4 55. Nc5 { } 55... Bd5+ 56. Ka3 g3 0-1

[Event "Kings-UOP"]
[Site "?"]
[Date "2002.02.07"]
[Round "?"]
[White "Melnikov, I."]
[Black "Stevanovic, Mike"]
[Result "0-1"]
[WhiteElo "1995"]
[BlackElo "2246"]
[PlyCount "46"]
[EventDate "2002.??.??"]

1. d4 d6 2. Nf3 Bg4 3. e3 Nd7 4. Be2 e5 5. dxe5 dxe5 6. b3 Bb4+ 7. Nfd2 Bxe2 8.
Qxe2 c6 9. Ba3 Bxa3 10. Nxa3 Nh6 11. Nac4 O-O 12. e4 b5 13. Ne3 Nc5 14. Nd1 Ne6
15. c3 Nf4 16. Qf3 Nd3+ 17. Ke2 Nf4+ 18. Ke1 Qd6 19. g3 Rad8 20. Nb1 Nd3+ 21.
Kf1 f5 22. Kg2 Qg6 23. exf5 Rxf5 0-1

[Event "UOP-Kings"]
[Site "?"]
[Date "2002.02.07"]
[Round "?"]
[White "Buerger, Ed"]
[Black "Wallach, Cliff"]
[Result "1/2-1/2"]
[WhiteElo "2036"]
[BlackElo "2049"]
[PlyCount "90"]
[EventDate "2002.??.??"]

1. d4 d5 2. c4 c6 3. Nc3 Nf6 4. Bf4 e6 5. e3 Be7 6. Nf3 O-O 7. Bd3 Nbd7 8. O-O
Nh5 9. Bg3 Nxg3 10. hxg3 Nf6 11. Ne5 dxc4 12. Bxc4 c5 13. dxc5 Bxc5 14. Qxd8
Rxd8 15. Rfd1 Bd7 16. Nxd7 Rxd7 17. Rxd7 Nxd7 18. Ne4 Be7 19. Rd1 Nb6 20. Be2
Kf8 21. Nd6 Bxd6 22. Rxd6 Ke7 23. Rd4 Rc8 24. Bd3 Rc1+ 25. Kh2 Nd7 26. Rc4 Rxc4
27. Bxc4 Kd6 28. g4 h6 29. Kg3 g5 30. f4 f6 31. Kf3 a6 32. Ke4 b5 33. Be2 Kc5
34. Kd3 a5 35. Bf3 Kd6 36. Kd4 Nc5 37. b3 Na6 38. a3 Kc7 39. Ba8 Kd6 40. Bf3
Nc5 41. b4 axb4 42. axb4 e5+ 43. fxe5+ fxe5+ 44. Kc3 Ne6 45. Be4 Nc7 1/2-1/2

[Event "Kings-UOP"]
[Site "?"]
[Date "2002.02.07"]
[Round "?"]
[White "Piparia, Jankesh"]
[Black "Boldingh, Ed"]
[Result "1/2-1/2"]
[WhiteElo "1840"]
[BlackElo "1924"]
[PlyCount "82"]
[EventDate "2002.??.??"]

1. e4 d5 2. exd5 Nf6 3. d4 Bg4 4. Be2 Bxe2 5. Nxe2 Qxd5 6. O-O Nc6 7. Nbc3 Qh5
8. Ng3 Qxd1 9. Rxd1 O-O-O 10. Be3 e6 11. f3 Be7 12. Nge4 b6 13. a3 Rd7 14. Rd2
Rhd8 15. Rad1 Na5 16. b3 Bxa3 17. Nb5 Be7 18. Nxa7+ Kb7 19. Nb5 Nd5 20. Bf2 f5
21. Nec3 Nxc3 22. Nxc3 Bb4 23. Rd3 Bxc3 24. Rxc3 e5 25. Rcd3 exd4 26. Rxd4 Rxd4
27. Rxd4 Rxd4 28. Bxd4 g6 29. Kf2 Kc6 30. Ke3 Kd6 31. Kf4 Nc6 32. Bb2 Nb4 33.
Ba3 c5 34. Bxb4 cxb4 35. Ke3 Kd5 36. f4 h5 37. h4 Kc5 38. Kd3 Kd5 39. g3 Kc5
40. Ke3 Kd5 41. Kd3 Kc5 1/2-1/2

[Event "Kings-UOP"]
[Site "?"]
[Date "2002.02.07"]
[Round "?"]
[White "Goncharoff, Nic"]
[Black "Sacks, Dave"]
[Result "0-1"]
[WhiteElo "1679"]
[BlackElo "1824"]
[PlyCount "158"]
[EventDate "2002.??.??"]

1. e4 d6 2. h3 c5 3. Bb5+ Nc6 4. c4 Bd7 5. Nf3 Nf6 6. Nc3 g6 7. d3 Bg7 8. O-O
a6 9. Bxc6 Bxc6 10. Rb1 b5 11. cxb5 axb5 12. a3 O-O 13. Bg5 Qb6 14. Re1 Qb7 15.
Qd2 Rfe8 16. Bf4 Nd7 17. Qc2 b4 18. axb4 Qxb4 19. Bd2 Qb7 20. Nd1 Reb8 21. Bc3
Ra2 22. Bxg7 Kxg7 23. Qc3+ Kg8 24. Qc4 Qb3 25. Qxb3 Rxb3 26. Re3 Ba4 27. Nd2
Rb8 28. Nc3 Raxb2 29. Rxb2 Rxb2 30. Nc4 Rb4 31. Nd5 Rb1+ 32. Kh2 Kf8 33. Nc3
Rb4 34. Nxa4 Rxa4 35. f4 Ra2 36. Kg3 h5 37. h4 Nf6 38. Kf3 Ng4 39. Re2 Rxe2 40.
Kxe2 Ke8 41. Kd2 Kd7 42. Kc3 Kc6 43. g3 Nh2 44. Nd2 Kb5 45. d4 Ng4 46. dxc5
dxc5 47. Nb3 Ne3 48. Nd2 Nd1+ 49. Kc2 Nf2 50. Kc3 f5 51. exf5 gxf5 52. Nf1 Ne4+
53. Kd3 c4+ 54. Kc2 Kc5 55. Ne3 Nxg3 56. Kc3 Ne2+ 57. Kd2 Nxf4 58. Nxf5 e5 59.
Kc3 Nd5+ 60. Kc2 Kb4 61. Ng3 Ne3+ 62. Kc1 Ng2 63. Nxh5 Nxh4 64. Ng3 Kb3 65. Ne4
Nf3 66. Nc5+ Kc3 67. Na4+ Kd4 68. Kc2 e4 69. Nc3 Ne1+ 70. Kb2 Kd3 71. Nxe4 Kxe4
72. Kc3 Kd5 73. Kd2 Nf3+ 74. Kc3 Kc5 75. Kc2 Kd4 76. Kd1 Kc3 77. Kc1 Nd2 78.
Kd1 Kb2 79. Kxd2 c3+ 0-1

[Event "Wildcard playoff"]
[Site "?"]
[Date "2002.05.02"]
[Round "?"]
[White "Fridman, Yuri"]
[Black "Benedek, R."]
[Result "1-0"]
[WhiteElo "2074"]
[BlackElo "2105"]
[PlyCount "79"]
[EventDate "2002.??.??"]

1. e4 c5 2. Nf3 e6 3. d4 cxd4 4. Nxd4 Nf6 5. Nc3 d6 6. Bc4 Be7 7. Be3 O-O 8.
Qe2 Na6 9. Bxa6 bxa6 10. Nc6 Qc7 11. Nxe7+ Qxe7 12. O-O Bb7 13. f3 Nd7 14. Nd1
Nc5 15. Bxc5 dxc5 16. Ne3 Rfd8 17. Rad1 h6 18. b3 Qc7 19. Rxd8+ Rxd8 20. Rd1
Rxd1+ 21. Qxd1 Bc6 22. Qd2 a5 23. a4 c4 24. Nxc4 Bxa4 25. Qxa5 Qxa5 26. Nxa5
Bd7 27. Kf2 Kf8 28. Ke3 Ke7 29. Kd4 Kd6 30. e5+ Kc7 31. Kc5 f6 32. f4 fxe5 33.
fxe5 Be8 34. Nc4 Bg6 35. c3 Bd3 36. Nd6 g6 37. Nb5+ Kb7 38. Nd4 Bf1 39. g3 Bh3
40. Kd6 1-0

[Event "Wildcard playoff"]
[Site "?"]
[Date "2002.05.02"]
[Round "?"]
[White "Hill, R."]
[Black "Hayhurst, Lyle"]
[Result "0-1"]
[WhiteElo "2024"]
[BlackElo "1888"]
[PlyCount "116"]
[EventDate "2002.??.??"]

1. d4 Nf6 2. Nf3 g6 3. Bg5 Bg7 4. Nbd2 d5 5. e3 Nbd7 6. Be2 O-O 7. O-O Re8 8.
c4 c6 9. Qc2 e5 10. dxe5 Nxe5 11. h3 Nxf3+ 12. Nxf3 Bf5 13. Qb3 dxc4 14. Bxc4
Re7 15. Nd4 Qa5 16. h4 h6 17. Nxf5 Qxf5 18. Bd3 Qg4 19. f3 Qg3 20. Bf4 Qxh4 21.
g3 Qh5 22. e4 Rd8 23. Kg2 Qc5 24. Be2 Nd5 25. Bd2 Qd4 26. Rad1 Qxb2 27. Qc4 Nb6
28. Bc1 Rxd1 29. Rxd1 Nxc4 30. Rd8+ Kh7 31. Bxb2 Nxb2 32. Kf2 c5 33. Ke1 Bc3+
34. Kf2 Kg7 35. Ke3 Bd4+ 36. Kd2 Na4 37. Kc2 a6 38. Kb3 Nb6 39. a4 Rd7 40. Re8
c4+ 41. Kb4 c3 42. Bd3 Bf2 43. Bc2 Rc7 44. e5 Nd5+ 45. Kb3 Bxg3 46. e6 Re7 47.
exf7 Kxf7 48. Rd8 Ne3 49. Be4 c2 50. Bxc2 Nxc2 51. Kxc2 h5 52. Rd1 h4 53. Kb3
h3 54. Rd8 g5 55. Rh8 Bh4 56. Rh7+ Ke8 57. Rh8+ Kd7 58. Rb8 Kc7 0-1

[Event "Wildcard playoff"]
[Site "?"]
[Date "2002.05.02"]
[Round "?"]
[White "Thomson, Jim"]
[Black "Suarez, Ed"]
[Result "1/2-1/2"]
[WhiteElo "1927"]
[BlackElo "1910"]
[PlyCount "72"]
[EventDate "2002.??.??"]

1. e4 e5 2. Nf3 Nc6 3. Bc4 Nf6 4. d4 exd4 5. O-O Be7 6. Re1 d6 7. Nxd4 Ne5 8.
Bb3 O-O 9. Nc3 Bd7 10. Bg5 a6 11. h3 Rc8 12. Nf3 c5 13. Bxf6 Nxf3+ 14. Qxf3
Bxf6 15. Bd5 Bc6 16. Rad1 Qa5 17. Re3 Bxc3 18. Rxc3 Bxd5 19. Rxd5 Qxa2 20. Qd3
Qxb2 21. Rxd6 c4 22. Qd2 a5 23. Rg3 a4 24. Rd5 a3 25. Ra5 a2 26. Rxa2 Qxa2 27.
Rxg7+ Kh8 28. Qd4 f6 29. Qd7 Qa1+ 30. Kh2 f5 31. Rxh7+ Kg8 32. Rh6 Qg7 33. Qe6+
Qf7 34. Rg6+ Kh8 35. Rh6+ Kg8 36. Rg6+ Kh8 1/2-1/2